000 01338namaa22003251i 4500
005 20260611112711.0
008 260611s1994 ua a|||frm||| 000 0 eng d
040 _aEG-GICUC
_beng
_cEG-GICUC
_dEG-GICUC
_erda
041 0 _aeng
_beng
_bara
049 _aDeposit
097 _aM.Sc
099 _aCai01.12.04.M.Sc.1994.No.E
100 0 _aNoha Emad Mohmoud Khaled,
_epreparation.
245 1 0 _aEffect of bone on depth dose distribution in phantom /
_cBy Noha Emad Mohmoud Khaled ; Supervised Prof. Dr. Fadel M. Ali, Prof. Dr. M. A. Fiki, Prof. Dr. A. A. Moussa
246 1 5 _aتأثير العظام علي التوزيع العمقي للجرعات الاشعاعية في شبية الانسان
264 0 _c1994.
300 _a96 Leaves
_billustrations
_c30 cm. +
336 _2rda content
_atext
337 _2rdamedia
_aUnmediated
338 _2rdacarrier
_avolume
502 _aThesis (M.Sc.)-Cairo University, 1994
504 _aBibliography: pages 85-96
653 0 _abone on depth dose distribution in phantom
700 0 _aFadel M. Ali
_ethesis advisor.
700 0 _aM. A. Fiki
_ethesis advisor.
700 0 _aA. A. Moussa
_ethesis advisor.
900 _DDepartment of Biophysics
_FFaculty of Science
_UCairo University
_b1994
_cFadel M. Ali
_cM. A. Fiki
_c A. A. Moussa
905 _aNehad
942 _2ddc
_cTH
_e21
_n0
999 _c180501